[Event "YUG-chT"]
[Site "Igalo"]
[Date "1994.??.??"]
[Round "2"]
[White "Dokhoian, Yury"]
[Black "Nevednichy, Vladislav"]
[Result "1-0"]
[WhiteElo "2580"]
[BlackElo "2470"]
[Annotator "Belov,I"]
[PlyCount "81"]
[EventDate "1994.??.??"]
[EventType "team"]
[EventRounds "9"]
[EventCountry "YUG"]
[SourceTitle "EXT 2000"]
[Source "ChessBase"]
[SourceDate "1999.11.16"]
[SourceVersion "1"]
[SourceVersionDate "1999.11.16"]
[SourceQuality "1"]

1. d4 d6 2. Nf3 g6 3. c4 Bg7 4. Nc3 Nf6 5. e4 O-O 6. Be2 e5 7. d5 a5 8. Bg5 h6
9. Bh4 Na6 10. Nd2 h5 $5 (10... Qe8) 11. Bg5 (11. O-O Bh6 12. f3 Be3+ 13. Kh1
g5 14. Bf2 (14. Be1 h4 15. Qc2 Nh5 16. Nd1 Bb6 17. Bf2 Bxf2 18. Rxf2 Nc5 $10)
14... Bxf2 15. Rxf2 h4 16. Nf1 Nh5 17. f4 $1 Nxf4 18. Bg4 $44 {Leyva,H-Leyva,R/
Holguim(m/3)/1994/1:0 (39) Inf 60/566/}) (11. a3 Bd7 12. Bg5 Qe8 13. h4 Ng4 14.
Bxg4 hxg4 15. f3 f6 16. Be3 g3 $1 $15 {Minogina,T-Morozevich,A/Moscow/1991/})
11... Qe8 12. O-O $5 $146 (12. a3 Bd7 13. b3 Nh7 14. Be3 h4 15. Qc2 f5 16. f3
Bf6 17. O-O-O Bg5 $15 {Lerner,K-Uhlmann,W/Berlin/1989/0:1 (49)}) (12. h4 Nh7 (
12... Ng4 $5) 13. Be3 Qe7 14. Nb3 b6 15. Qd2 f5 16. f3 Bd7 $10 {Yanvarjov,
I-Glek,I/Moscow/1991/0.5 (36)}) 12... Kh8 $5 (12... Nh7 13. Be3 Bf6 (13... Qe7
14. a3 Bd7 15. Rb1 $16) 14. Nf3 $14) 13. Kh1 (13. a3 $142 Bd7 14. b3 Ng8 15.
Rb1 Bh6 16. Bxh6 Nxh6 17. b4 $16) 13... Bd7 14. Rc1 $6 (14. b3 $142 Ng8 15. a3)
14... Ng8 15. b3 Bh6 16. Bxh6 Nxh6 17. a3 Qe7 $10 18. Nf3 $6 (18. Rb1 Nc5 19.
b4 axb4 20. axb4 Na4 21. Qc2 $10) 18... Kg7 19. Qc2 f5 20. exf5 (20. Qb2 f4 21.
Nd2 g5 $1 22. Bxh5 g4 $40) 20... Bxf5 21. Qb2 Nc5 22. Rcd1 (22. b4 axb4 23.
axb4 Nd3) 22... Bg4 $15 23. Nb5 $5 Rf4 $6 (23... Rf7 $142) 24. Ng1 $1 Raf8 (
24... Bxe2 25. Nxe2 Rf7 26. f4 Raf8 27. Kg1 $14) 25. f3 Bc8 26. b4 axb4 27.
axb4 Na6 (27... Na4 28. Qc2 Nb6 29. c5 $16) 28. Bd3 R4f7 29. Rfe1 Bd7 30. Nc3
h4 31. h3 Kh7 32. Ne4 Bf5 33. Qd2 Bxe4 34. Rxe4 $1 $16 Nb8 35. Ne2 Kg7 (35...
Qd8 $142) 36. Nd4 $1 Rh8 (36... Rc8 37. Ne6+ Kh7 38. Ng5+ $18) 37. Ne6+ Kg8 38.
Qf2 $1 g5 (38... Nf5 39. Rg4) 39. Ra1 $18 Nd7 40. Ra8+ Nf8 41. Qa7 (41. Qa7 b6
42. Rc8 $18) 1-0

[Event "Tilburg"]
[Site "Tilburg"]
[Date "1994.??.??"]
[Round "2"]
[White "Dokhoian, Yury"]
[Black "Vaganian, Rafael A"]
[Result "1-0"]
[WhiteElo "2580"]
[BlackElo "2645"]
[Annotator "Ftacnik,L"]
[PlyCount "103"]
[EventDate "1994.09.??"]
[EventType "k.o."]
[EventRounds "7"]
[EventCountry "NED"]
[SourceTitle "CBM 044"]
[Source "ChessBase"]
[SourceDate "1995.02.01"]
[SourceVersion "1"]
[SourceVersionDate "1995.02.01"]
[SourceQuality "1"]

1. d4 Nf6 2. c4 e6 3. Nc3 d5 4. cxd5 exd5 5. Bg5 c6 6. Qc2 Na6 7. e3 Nc7 8. Bd3
Be7 9. Nge2 Nh5 10. Bxe7 Qxe7 11. O-O-O g6 12. Kb1 $146 (12. h3) 12... Ng7 13.
Ng3 O-O $5 (13... Bd7 14. Ka1 O-O-O 15. Na4 $14) 14. h4 h5 15. Qd2 $5 Re8 16.
Rde1 Be6 17. f3 Rad8 18. Bc2 $1 b5 $5 (18... Qf6 19. e4 $16) (18... Qd6 19. Qf2
b5 20. e4 dxe4 21. Ngxe4 $16) 19. Nce2 $1 (19. e4 b4 $13) 19... Na8 20. Nf4 Nb6
21. b3 c5 22. dxc5 Qxc5 23. Qd4 Qxd4 24. exd4 Bd7 (24... a5 25. Bd3 $16) 25.
Kb2 a5 26. Bd3 Rxe1 27. Rxe1 Rc8 (27... b4 28. Rc1 Rc8 29. Rc5 $16) 28. Re5 Bc6
29. Re7 (29. Nf1 $5) 29... Nd7 $6 (29... Kf8 30. Ra7 Ra8 31. Rxa8+ Nxa8 32. b4
a4 33. Nge2 Ke7 34. Nc3 Nc7 35. g4 $16) 30. Re2 Ne8 (30... Nb6 31. Nf1 Kf8 32.
Ne3 $16) 31. Nf1 Nd6 32. Ne3 Nb6 (32... Nf6 33. g4 $16) 33. g4 $1 hxg4 34. fxg4
Re8 35. h5 g5 $6 (35... gxh5 36. Nxh5 $16) 36. Nh3 f6 37. Nf2 Bd7 38. Kc1 Nf7
39. Kd2 Nh6 40. Re1 Rc8 41. Nf5 $1 Nxf5 42. Bxf5 Re8 (42... Bxf5 43. gxf5 Kf7
44. Ng4 $10 Nd7 45. Re6 $18) (42... Kf7 43. Bg6+ Kf8 44. h6 b4 45. Bh5) 43. Rc1
Kf8 (43... Rc8 44. Bxd7 Rxc1 45. Be6+) 44. Rc5 Ke7 45. Bxd7 Nxd7 46. Rxb5 a4
47. Rxd5 axb3 48. axb3 Rb8 49. Ne4 $1 Ke6 (49... Rxb3 50. Rxd7+ Kxd7 51. Nc5+
$18) 50. Rd6+ Ke7 51. Rc6 Rxb3 52. Rc7 (52. Rc7 Rb4 53. Kc3 Rb6 54. Nc5 Rd6 55.
h6 $18) 1-0